000 00762pam a2200253 a 4500
001 66023
003 BD-RjUL
005 20211209081507.0
008 860922s1987 flua b 001 0 eng
020 _a084935241X
035 _a(BD-RjUL)66153
040 _aDLC
_cDLC
_dDLC
_beng
041 _aeng
082 0 0 _223
_a591.1852
_bNEU 1987
245 1 0 _aNeuronal factors /
_ceditor, J. Regino Perez-Polo.
260 _aBoca Raton, Fla. :
_bCRC Press,
_cc1987.
300 _a202 p. :
_bill. ;
_c27 cm.
504 _aIncludes bibliographies and index.
650 0 _aNerve growth factor
_xPurification.
_9195294
650 0 _aNerve growth factor
_xAnalysis.
_9195295
700 2 _aPerez-Polo, Jose Regino.
_9195296
942 _2ddc
_cBK
999 _c66023
_d66023